000
00285nam a22001337a 4500
008
171124b xxu||||| |||| 00| 0 eng d
020
_a
9780521423700
041
_a
eng
080
_a
94
100
_a
16
101
_a
HIS
245
_a
UNTYING THE KNOT
_c
PHILLIPS,R
942
_2
udc
_c
BK
999
_c
38492
_d
38492